| 000 | 00523nam a2200133Ia 4500 | ||
|---|---|---|---|
| 008 | 160809s9999 xx 000 0 und d | ||
| 100 | _aArmstrong, Teresa Kay. | ||
| 245 | _aEXPLORING COMPUTER AND STORYBOOK INTERVENTIONS FOR CHILDREN WITH HIGH FUNCTIONING AUTISM | ||
| 245 | _cTeresa Kay Armstrong Marie Tejero Hughes University of Illinois. | ||
| 260 | _bInternational Journal of Special Education | ||
| 260 | _c2012 | ||
| 650 | _xSPECIAL EDUCATION | ||
| 856 | _uhttp://www.internationaljournalofspecialed.com/issues.php | ||
| 999 |
_c300373 _d300373 |
||